<?xml version="1.0" encoding="UTF-8"?><marc:collection xmlns:marc="http://www.loc.gov/MARC21/slim">
  <marc:record>
    <marc:leader>00000nam##2200000za#4500</marc:leader>
    <marc:controlfield tag="001">9.570710</marc:controlfield>
    <marc:controlfield tag="003">CaOODSP</marc:controlfield>
    <marc:controlfield tag="005">20210624182355</marc:controlfield>
    <marc:controlfield tag="007">cr |||||||||||</marc:controlfield>
    <marc:controlfield tag="008">150406|2006||||xxc|||||o    f|0| 0 eng|d</marc:controlfield>
    <marc:datafield tag="022" ind1=" " ind2=" ">
      <marc:subfield code="a">1919-5087</marc:subfield>
    </marc:datafield>
    <marc:datafield tag="040" ind1=" " ind2=" ">
      <marc:subfield code="a">CaOODSP</marc:subfield>
      <marc:subfield code="b">eng</marc:subfield>
    </marc:datafield>
    <marc:datafield tag="043" ind1=" " ind2=" ">
      <marc:subfield code="a">n-cn---</marc:subfield>
    </marc:datafield>
    <marc:datafield tag="086" ind1="1" ind2=" ">
      <marc:subfield code="a">Fs70-6/2006-047E-PDF</marc:subfield>
    </marc:datafield>
    <marc:datafield tag="110" ind1="1" ind2=" ">
      <marc:subfield code="a">Canada. </marc:subfield>
      <marc:subfield code="b">Department of Fisheries and Oceans. </marc:subfield>
      <marc:subfield code="b">Maritimes Region.</marc:subfield>
    </marc:datafield>
    <marc:datafield tag="245" ind1="1" ind2="0">
      <marc:subfield code="a">Haddock on the southern Scotian Shelf and in the Bay of Fundy (div. 4X/5Y) </marc:subfield>
      <marc:subfield code="h">[electronic resource]</marc:subfield>
    </marc:datafield>
    <marc:datafield tag="246" ind1="1" ind2=" ">
      <marc:subfield code="a">Maritimes region - haddock in 4X/5Y</marc:subfield>
    </marc:datafield>
    <marc:datafield tag="260" ind1=" " ind2=" ">
      <marc:subfield code="a">Dartmouth - Nova Scotia : </marc:subfield>
      <marc:subfield code="b">Fisheries and Oceans Canada. </marc:subfield>
      <marc:subfield code="c">February 2007.</marc:subfield>
    </marc:datafield>
    <marc:datafield tag="300" ind1=" " ind2=" ">
      <marc:subfield code="a">8p.</marc:subfield>
      <marc:subfield code="b">graphs, illus., map, references, table</marc:subfield>
    </marc:datafield>
    <marc:datafield tag="490" ind1="1" ind2=" ">
      <marc:subfield code="a">Canadian Science Advisory Secretariat science advisory report </marc:subfield>
      <marc:subfield code="x">1919-5087</marc:subfield>
      <marc:subfield code="v">2006/047, Maritimes Region</marc:subfield>
    </marc:datafield>
    <marc:datafield tag="590" ind1=" " ind2=" ">
      <marc:subfield code="a">11-15-Supp</marc:subfield>
      <marc:subfield code="b">2011-08-22</marc:subfield>
    </marc:datafield>
    <marc:datafield tag="775" ind1="0" ind2="8">
      <marc:subfield code="t">Aiglefin du sud du plateau néo-écossais et de la baie de Fundy (div. 4X et 5Y) </marc:subfield>
      <marc:subfield code="w">(CaOODSP)9.601358</marc:subfield>
    </marc:datafield>
    <marc:datafield tag="830" ind1="#" ind2="0">
      <marc:subfield code="a">Science advisory report (Canadian Science Advisory Secretariat)</marc:subfield>
      <marc:subfield code="x">1919-5087</marc:subfield>
      <marc:subfield code="v">2006/047, Maritimes Region</marc:subfield>
      <marc:subfield code="w">(CaOODSP)9.506226</marc:subfield>
    </marc:datafield>
    <marc:datafield tag="856" ind1="4" ind2="0">
      <marc:subfield code="a">http://publications.gc.ca</marc:subfield>
      <marc:subfield code="q">PDF</marc:subfield>
      <marc:subfield code="s">262 KB</marc:subfield>
      <marc:subfield code="u">https://publications.gc.ca/collections/collection_2011/mpo-dfo/Fs70-6-2006-047-eng.pdf</marc:subfield>
      <marc:subfield code="y">2006/047, Maritimes Region</marc:subfield>
    </marc:datafield>
  </marc:record>
</marc:collection>
